| 000 | 01152nas a2200361 4500 | ||
|---|---|---|---|
| 001 | BR0404299 | ||
| 003 | BR-BrBNA | ||
| 005 | 20231205104758.0 | ||
| 007 | ta | ||
| 008 | 230509b bl.|||p| |||| 00| 00por d | ||
| 040 |
_aBR-BrBNA _bpor _cBiblioteca Nacional de Agricultura |
||
| 041 | _a(Pt) | ||
| 072 | _aL01; L10 | ||
| 100 | 1 | _aVal, J.E. | |
| 100 | 1 | _aFreitas, M.A.R. | |
| 100 | 1 | _aOliveira, H.N. | |
| 100 | 1 | _aCardoso, V.L. | |
| 100 | 1 | _aMachado, P.F. | |
| 100 | 1 | _aPaneto, J.C.C. | |
| 245 | 1 | _aIndicadores de desempenho em rebanho da raça Holandesa: curvas de crescimento e altura, características reprodutivas, produtivas e parâmetros genéticos | |
| 650 | _aGADO HOLANDÊS | ||
| 650 | _aPERFORMANCE | ||
| 650 | _aCURVA DE CRESCIMENTO | ||
| 650 | _aPRODUÇÃO LEITEIRA | ||
| 650 | _aPARÂMETRO GENÉTICO | ||
| 650 | _aPESO | ||
| 650 | _aPARTO | ||
| 650 | _aHEREDITARIEDADE | ||
| 650 | _aMODELO MATEMÁTICO | ||
| 773 | 0 |
_tArquivo Brasileiro de Medicina Veterinária e Zootecnia (Brazil) _xISSN 0102-0935 _g(Feb 2004), v. 56(1) p. 86-93 _wBR0404299 |
|
| 909 |
_a202311 _bLúcia _c55 _dLúcia Elande |
||
| 942 |
_2AGRIS _n0 _cANA |
||
| 999 |
_c179656 _d179656 |
||